Normal view
MARC view
- Middle East -- Social Conditions
Entry Topical Term
001 - CONTROL NUMBER
- control field: 37409
003 - CONTROL NUMBER IDENTIFIER
- control field: NUST
005 - DATE AND TIME OF LATEST TRANSACTION
- control field: 20210314130254.0
008 - FIXED-LENGTH DATA ELEMENTS
- fixed length control field: 210314|| aca||aabn | a|a d
040 ## - CATALOGING SOURCE
- Original cataloging agency: NUST
- Transcribing agency: NUST
150 ## - HEADING--TOPICAL TERM
- Topical term or geographic name entry element: Middle East -- Social Conditions
670 ## - SOURCE DATA FOUND
- Source citation: Work cat.: (NUST): Gibb, H. A. R. 37408, Islamic society and the West, 1957
